000 00319nam a22001337a 4500
008 170526b xxu||||| |||| 00| 0 eng d
020 _a9780130594600
041 _aeng
080 _a621.3
100 _a27
101 _aIM
245 _aGUIDE TO ELECTRICAL POWER DISTRIBUTION SYSTEMS
_cPANSINI, A.J
942 _2udc
_cBK
999 _c14540
_d14540